000 00887cam a2200277 4500
001 4082734
003 OSt
005 20230620133343.0
008 720803s1972 ctua bs 001 0 eng
010 _a 72188713
020 _a0300025879
_a0300015887 (pbk)
040 _aDLC
_cDLC
_dDLC
043 _an-us---
050 0 0 _aJK529
_b.L65 1972b
082 0 0 _a324/.21
_bLON
100 1 _aLongley, Lawrence D.
245 1 4 _aThe politics of electoral college reform,
_cby Lawrence D. Longley and Alan G. Braun. With a foreword by Birch Bayh.
260 _aNew Haven,
_bYale University Press,
_c1972.
300 _axii, 222 p.
_billus.
_c22 cm.
350 _a$10.00
504 _aIncludes bibliographical references.
650 0 _aElectoral college
_zUnited States.
700 1 _aBraun, Alan G.,
_ejoint author.
906 _a7
_bcbc
_corignew
_d2
_encip
_f19
_gy-gencatlg
942 _2ddc
_cBK
999 _c1733
_d1733